The noble scholar, jurist, historian


 His Excellency Dr. Abdul Wahhab bin Ibrahim Abu Sulaiman, may Allah have mercy on him.


 He was born in Umm Al-Qura in the year 1356 AH.

معجم ما ألف عن الحج : (Record no. 10853)

MARC details
000 -LEADER
fixed length control field 01206cam a22002651i 4500
003 - CONTROL NUMBER IDENTIFIER
control field SA-RiAUC
005 - DATE AND TIME OF LATEST TRANSACTION
control field 20250817040939.0
008 - FIXED-LENGTH DATA ELEMENTS--GENERAL INFORMATION
fixed length control field 250808s2002 su g b f00010 ara c
020 ## - INTERNATIONAL STANDARD BOOK NUMBER
International Standard Book Number 9960880036
040 ## - CATALOGING SOURCE
Original cataloging agency SA-JeKAU
Language of cataloging ara
Transcribing agency SA-RiAUC
Description conventions rda
082 04 - DEWEY DECIMAL CLASSIFICATION NUMBER
Classification number 016.953121
Assigning agency SA-RiAUC
090 ## - LOCALLY ASSIGNED LC-TYPE CALL NUMBER (OCLC); LOCAL CALL NUMBER (RLIN)
Classification number (OCLC) (R) ; Classification number, CALL (RLIN) (NR) 016.953121
Local cutter number (OCLC) ; Book number/undivided call number, CALL (RLIN) س ن ي
100 1# - MAIN ENTRY--PERSONAL NAME
Personal name السنيدي، عبد العزيز بن راشد بن عبد الكريم،
Dates associated with a name 1382 هجري-
Relator term مؤلف.
245 10 - TITLE STATEMENT
Title معجم ما ألف عن الحج :
Remainder of title تاريخه-مناسكه-تنظيمه-طرقه-الرحلات إليه /
Statement of responsibility, etc. عبد العزيز بن راشد السنيدي.
264 #1 - PRODUCTION, PUBLICATION, DISTRIBUTION, MANUFACTURE, AND COPYRIGHT NOTICE
Place of production, publication, distribution, manufacture الرياض :
Name of producer, publisher, distributor, manufacturer دارة الملك عبد العزيز،
Date of production, publication, distribution, manufacture, or copyright notice 2002.
300 ## - PHYSICAL DESCRIPTION
Extent 415 صفحة ؛
Dimensions 24 سم.
336 ## - CONTENT TYPE
Content type term نص
Content type code txt
Source rdacontent
Materials specified كتاب
337 ## - MEDIA TYPE
Media type term بدون وسيط
Media type code n
Source rdamedia
338 ## - CARRIER TYPE
Carrier type term مجلد
Carrier type code nc
Source rdacarrier
440 #0 - SERIES STATEMENT/ADDED ENTRY--TITLE
Title سلسلة الرسائل الجامعية (دارة الملك عبد العزيز)
490 0# - SERIES STATEMENT
Series statement إصدارات دارة الملك عبد العزيز ؛
Volume/sequential designation 121
650 #7 - SUBJECT ADDED ENTRY--TOPICAL TERM
Topical term or geographic name entry element الحج (فقه إسلامي)
Form subdivision ببليوجرافيات
Source of heading or term aucsh
942 ## - ADDED ENTRY ELEMENTS (KOHA)
Source of classification or shelving scheme Dewey Decimal Classification
Koha item type Books
Suppress in OPAC No
949 ## - LOCAL PROCESSING INFORMATION (OCLC)
a SA-JeALM
d 250808
u mohamedma123
n 1
Holdings
Withdrawn status Lost status Source of classification or shelving scheme Damaged status Not for loan Home library Current library Date acquired Total checkouts Full call number Barcode Date last seen Price effective from Koha item type
    Dewey Decimal Classification     DR AbdElwahab Library DR AbdElwahab Library 08/17/2025   016.953121 س ن ي 000017644 08/17/2025 08/17/2025 Books
    Dewey Decimal Classification     DR AbdElwahab Library DR AbdElwahab Library 09/24/2025   016.953121 س ن ي 000019420 09/24/2025 09/24/2025 Books